LEADER 00933nam0-2200301---450- 001 990009780480403321 005 20131024145842.0 035 $a000978048 035 $aFED01000978048 035 $a(Aleph)000978048FED01 035 $a000978048 100 $a20131024d1958----km-y0itay50------ba 101 0 $afre 102 $aBE 105 $aa-------001yy 200 1 $a<>agglomération bruxelloise$eeléments d'une géographie urbaine$fPierre Gourou 210 $aBruxelles$cLouis$d1958 215 $a83 p., 1 c. ripieg.$cill.$d24 cm 300 $aEstr. da: Bulletin de la Societé royale belge de Géographie, 1958, fasc. 1-4 610 0 $aBruxelles 700 1$aGourou,$bPierre$f<1900-1999>$0129402 801 0$aIT$bUNINA$gRICA$2UNIMARC 901 $aBK 912 $a990009780480403321 952 $aDono Fondi G-018$bIst. s.i.$fILFGE 959 $aILFGE 996 $aAgglomération bruxelloise$9832676 997 $aUNINA